LEADER 01381nam a2200337 a 4500 001 000000124265 003 CaOOAMICUS 005 20110208120037.0 008 110208s2010 it c u000 u ita r 020 $a978-88-6409-070-2 040 $aPUL$bita 082 04$a261.8 100 1 $aIntrovigne, Massimo.$0(OLS)http://pul/name/30213 245 13$aLa dottrina sociale di Leone XIII /$cMassimo Introvigne. 260 $aVerona :$bFede & Cultura,$c2010. 300 $a153 p. ;$c21 cm 490 1 $aCollana saggistica ;$v41 600 04$aLeo PP.$bXIII,$d1810-1903.$0(OLS)http://pul/subject/5628 830 0$aCollana saggistica (Fede & Cultura) ;$v41.$0(OLS)http://pul/title/150128 850 $aPUL 852 $aPUL$W1$xSL Religione 3$y85$m261. 8 INTMA 1$j143066$qDDC 21$B142088$CPULBib$Z2$F142088 $H115790 $82 941 1 $a9 960 $aPapi (1878-1903 : Leo PP. XIII)$95628 960 $aPapi (1878-1903 : Leo PP. XIII)$95628 960 $aLeone$bXIII,$cpapa,$d1810-1903$95628 960 $aPecci, Vincenzo Gioacchino,$d1810-1903$95628 996 $6020$a978-88-6409-070-2$9(OLS)http://pul/number/146296 996 $6082$a261.8$9(OLS)http://pul/classification/367 996 $6245$aLa dottrina sociale di Leone XIII$9(OLS)http://pul/title/156632 996 $6260$aVerona :$bFede & Cultura$9(OLS)http://pul/publisher/79442 LEADER 01660nam a2200361 u 4500 001 000000000630 003 CaOOAMICUS 005 20150529115734.0 008 940517s1991 it u000 u ita u 020 $a8824607020 035 $a10011866 040 $aPUL(R)$bita 100 1 $aMolinaro, Aniceto,$csac.,$d1936-2011.$0(OLS)http://pul/name/621 245 13$aLa verità, quali vie :$blineamenti di filosofia della conoscenza /$cAniceto Molinaro ; Enrico Guarneri ; Gianni Rigamonti. 260 $aPalermo :$bEdizioni Augustinus,$cc1991. 300 $a263 p.$c20 cm 490 1 $aFilosofia per problemi ;$v2 650 4$aFilosofia.$0(OLS)http://pul/subject/362 650 4$aTeoria della conoscenza.$0(OLS)http://pul/subject/449 650 4$aVerità.$0(OLS)http://pul/subject/673 700 1 $aRigamonti, Gianni.$0(OLS)http://pul/name/704 700 1 $aGuarneri, Enrico.$0(OLS)http://pul/name/702 830 0$aFilosofia per problemi ;$v2.$0(OLS)http://pul/title/699 850 $aPUL 852 $aPUL$W1$xSL Filosofia 2$y80$mPhil D4 64$j807$nBK-PRI$b $qStampati altre collocazioni$B807$CPULBib$Z2$F807 $H $81 852 $aPUL$W1$xDP1 Fondo S. Lanza$y121$m2 A 19$j16623$qFondi$B166159$CPULBib$Z2$F166159 $HLAN2504 $82 941 1 $a10 941 1 $a1 961 $aINV: 68421 961 $aNota ms. di possesso: Sergio Lanza 996 $6020$a8824607020$9(OLS)http://pul/number/815 996 $6245$aLa verità, quali vie :$blineamenti di filosofia della conoscenza$9(OLS)http://pul/title/871 996 $6260$aPalermo :$bEdizioni Augustinus$9(OLS)http://pul/publisher/48236